[Event "Belgrade Zimski op"]
[Site "Belgrade"]
[Date "2005.01.29"]
[Round "7"]
[White "Mihajlovic, Miodrag"]
[Black "Jovanovic, Aleksandar"]
[Result "0-1"]
[WhiteElo "2247"]
[BlackElo "1998"]
[PlyCount "52"]
[EventDate "2005.01.22"]
[EventType "swiss"]
[EventRounds "9"]
[EventCountry "YUG"]
[SourceTitle "CBM 104 Extra"]
[Source "ChessBase"]
[SourceDate "2005.03.01"]
[SourceVersion "1"]
[SourceVersionDate "2005.03.01"]
[SourceQuality "1"]

1. Nf3 f5 2. g3 g6 3. Bg2 Bg7 4. 0-0 e5 5. d3 Ne7 6. c3 0-0 7. e4 Nbc6 8. exf5 Nxf5 9. Na3 d6 10. Bg5 Qe8 11. Qb3+ Kh8 12. Rae1 Nd8 13. d4 Be6 14. Qc2 exd4 15. Bxd8 Rxd8 16. g4 Nh6 17. Ng5 Rf6 18. Bd5 Bxd5 19. Rxe8+ Rxe8 20. cxd4 Nxg4 21. Qxc7 Ref8 22. Nc2 Rf5 23. Qe7 Nxf2 24. Rxf2 Rxf2 25. Ne3 Re2 26. h3 h6 0-1

[Event "Belgrade Zimski op"]
[Site "Belgrade"]
[Date "2005.01.28"]
[Round "6"]
[White "Jovanovic, Aleksandar"]
[Black "Nestorovic, Lazar"]
[Result "1-0"]
[WhiteElo "1998"]
[BlackElo "1981"]
[PlyCount "75"]
[EventDate "2005.01.22"]
[EventType "swiss"]
[EventRounds "9"]
[EventCountry "YUG"]
[SourceTitle "CBM 104 Extra"]
[Source "ChessBase"]
[SourceDate "2005.03.01"]
[SourceVersion "1"]
[SourceVersionDate "2005.03.01"]
[SourceQuality "1"]

1. f4 c5 2. Nf3 d5 3. e3 e6 4. b3 Nf6 5. Bb2 Bd6 6. Ne5 Bxe5 7. fxe5 Nfd7 8. Qg4 0-0 9. d4 f5 10. Qh3 Nc6 11. c3 Rf7 12. Nd2 a6 13. Bd3 b6 14. 0-0 Bb7 15. Rf2 Kh8 16. Raf1 Qe7 17. g4 g6 18. gxf5 gxf5 19. Rg2 Rg7 20. Rff2 Rag8 21. Nf3 cxd4 22. exd4 Rxg2+ 23. Rxg2 Rxg2+ 24. Kxg2 Qg7+ 25. Kf2 b5 26. Qh5 Nf8 27. Qe8 Qe7 28. Qxe7 Nxe7 29. Ba3 Neg6 30. Kg3 Kg7 31. h4 Bc8 32. c4 bxc4 33. bxc4 dxc4 34. Bxc4 Bb7 35. h5 Bxf3 36. Kxf3 Nh8 37. Bxf8+ Kxf8 38. Bxe6 1-0